Juego de tronos
Gespeichert in:
| 1. Verfasser: | |
|---|---|
| Format: | Buch |
| Sprache: | Spanisch |
| Veröffentlicht: |
Barcelona
Planeta DeAgostini
2012
|
| Ausgabe: | 1a. ed |
| Schlagworte: | |
| Tags: |
Tag hinzufügen
Keine Tags, Fügen Sie den ersten Tag hinzu!
|
MARC
| LEADER | 00000cam a2200000 a 4500 | ||
|---|---|---|---|
| 001 | UCD9116 | ||
| 003 | CL-VaPUC | ||
| 008 | 170602e20120000sp |||||||||||||||||spa|d | ||
| 020 | |a 9788415480129 | ||
| 082 | 0 | 4 | |a 813 |b MAR |2 21 |
| 100 | |a Martin, George R. R. |e autor |9 602407 | ||
| 245 | 1 | 0 | |a Juego de tronos |
| 250 | |a 1a. ed | ||
| 300 | |a pág. irreg | ||
| 942 | |c BK | ||
| 945 | |d 20170602 23:29:00 |a arojas | ||
| 260 | |a Barcelona |b Planeta DeAgostini |c 2012 | ||
| 650 | 0 | |a Novelas estadounidenses |9 265217 | |
| 650 | 0 | |a Literatura estadounidense |9 317168 | |
| 650 | 0 | |a Literatura fantástica |9 266050 | |
| 650 | 0 | |a Cómics |9 369534 | |
| 583 | |a last modification |c 20170602 23:29:00 |k Rodrigo Vera | ||
| 999 | |c 368399 |d 368397 | ||